Zomi in diaspora : (Record no. 2799)

MARC details
000 -LEADER
fixed length control field 00640nam a2200193Ia 4500
003 - CONTROL NUMBER IDENTIFIER
control field GBCCL
005 - DATE AND TIME OF LATEST TRANSACTION
control field 20241126110440.0
008 - FIXED-LENGTH DATA ELEMENTS--GENERAL INFORMATION
fixed length control field 170921b xxu||||| |||| 00| 0 eng d
040 ## - CATALOGING SOURCE
Transcribing agency gbc
082 ## - DEWEY DECIMAL CLASSIFICATION NUMBER
Classification number 269.2
Item number NGU
100 ## - MAIN ENTRY--PERSONAL NAME
Personal name Ngul khanpau , Jamang
9 (RLIN) 5895
245 ## - TITLE STATEMENT
Title Zomi in diaspora :
Remainder of title for world evangelism
260 ## - PUBLICATION, DISTRIBUTION, ETC.
Place of publication, distribution, etc. Siliguri :
Name of publisher, distributor, etc. Jamang Ngul Khan Pau,
Date of publication, distribution, etc. 2012.
300 ## - PHYSICAL DESCRIPTION
Extent x, 160 pages ;
Other physical details maps ; 28 cm
Dimensions 22 cm [viii], 247 leaves :
650 ## - SUBJECT ADDED ENTRY--TOPICAL TERM
Topical term or geographic name entry element Kuki Chin (South Asian people)
9 (RLIN) 5265
650 ## - SUBJECT ADDED ENTRY--TOPICAL TERM
Topical term or geographic name entry element Kuki Chin (South Asian people) -- Missions.
9 (RLIN) 13367
650 ## - SUBJECT ADDED ENTRY--TOPICAL TERM
Topical term or geographic name entry element Christianity and culture -- India.
9 (RLIN) 12534
942 ## - ADDED ENTRY ELEMENTS (KOHA)
Source of classification or shelving scheme Dewey Decimal Classification
Koha item type Books
Koha issues (borrowed), all copies 1
Holdings
Withdrawn status Lost status Source of classification or shelving scheme Damaged status Not for loan Home library Current Library Shelving location Date acquired Total checkouts Full call number Barcode Date last seen Date last checked out Copy number Price effective from Koha item type
    Dewey Decimal Classification     GRACE BIBLE COLLEGE GRACE BIBLE COLLEGE Ministry & Mission 2017-09-21 1 269.2 NGU 010717 2025-05-01 2021-03-17 c.1 2017-09-21 Books
© Grace Bible College Library 2025